| 000 | 00817nam a2200217Ia 4500 | ||
|---|---|---|---|
| 999 |
_c39332 _d39332 |
||
| 001 | 5918 | ||
| 003 | GE_BSU | ||
| 005 | 20190820094336.0 | ||
| 008 | 181216s1953||||ge |||||||||||||| ||geo|| | ||
| 040 | _cGE_BSU | ||
| 041 | _ageo | ||
| 080 | _a821.353.1-1 ა-13 | ||
| 100 |
_aაბაშიძე, გრიგოლ _91383 |
||
| 245 |
_aერთტომეული : _bლექსები და პოემები / _cგრიგოლ აბაშიძე ; რედ. გ. ხუხაშვილი. |
||
| 264 |
_aთბილისი : _bსახელგამი ; _c1953. |
||
| 300 |
_a544 გვ. ; _c21 სმ. |
||
| 653 | _aლექსები | ||
| 653 | _a პოემები | ||
| 700 |
_aხუხაშვილი გ. _eრედაქტორი _93691 |
||
| 942 |
_cBK _2udc |
||